Ochrana brambor proti mandelince bramborové /

Hlavní autor: Rasocha, Vlastimil, -2018
Jazyk: Čeština
Vydáno: Havlíčkův Brod : Výzkumný ústav bramborářský, 2005
Vydání: Vyd. 2., aktualiz.
Edice: Praktické informace
Témata:
Fyzický popis: 8 s. : barev. il. ; 21 cm
Knihy
Uloženo v:
LEADER 01502nam a2200445 a 4500
001 nkc20051626502
003 CZ PrNK
005 20220926095228.0
007 ta
008 051011s2005 xr a f f 000 0 cze
015 |a cnb001626502 
020 |a 80-86940-04-7  |q (brož.) 
035 |a (OCoLC)85163550 
040 |a OLA001  |b cze 
072 7 |a 633  |x Rostlinná výroba  |2 Konspekt  |9 24 
080 |a 633.491  |2 MRF 
080 |a 633.01/.04  |2 MRF 
080 |a 632.76  |2 MRF 
080 |a (036)  |2 MRF 
100 1 |a Rasocha, Vlastimil,  |d -2018  |7 mzk2003171455  |4 aut 
245 1 0 |a Ochrana brambor proti mandelince bramborové /  |c Vlastimil Rasocha 
250 |a Vyd. 2., aktualiz. 
260 |a Havlíčkův Brod :  |b Výzkumný ústav bramborářský,  |c 2005 
300 |a 8 s. :  |b barev. il. ;  |c 21 cm 
490 1 |a Praktické informace ;  |v č. 12 
500 |a 3000 výt. 
650 0 7 |a brambory  |7 ph114194  |2 czenas 
650 0 7 |a pěstování polních rostlin  |7 ph183359  |2 czenas 
650 0 7 |a mandelinka bramborová  |7 ph158511  |2 czenas 
650 0 9 |a potatoes  |2 eczenas 
650 0 9 |a field crops cultivation  |2 eczenas 
650 0 9 |a colorado potato beetle  |2 eczenas 
655 7 |a informační publikace  |7 fd132454  |2 czenas 
655 9 |a information publications  |2 eczenas 
830 0 |a Praktické informace  |0 s 
910 2 |a BOA001  |b 2-1159.757 
990 |a BK 
995 |a 01 
991 |b 200511  |c NOV 
996 6 |b 2610262581  |c 2-1159.757  |l MZK  |r Sklad / do 1 hodiny  |n 2  |p p.v.  |w 000794802  |u 000010  |a 1  |e BOA001  |j MZK50  |s P